000 00429nam a2200145 i 4500
001 89444
003 ES-MaACL
005 20230906180157.0
007 t|
008 050110s1901 fr ||||1| fre d
100 1 _aLapparent, Paul de.
_970180
245 1 0 _aÉtude sur les altérations des couleurs dans la peinture artistique /
_cPaul de Lapparent.
260 _aParís :
_bHenri Laurens,
_c[1901]
852 _aES-MaACL
_jT-1363-F-1
999 _c89444
_d89444